000 03929cam a22013334i 4500
003 PE-LiUPU
005 20250813185625.0
008 s2013 pe g 0 spa d
020 _a9786124118593
035 _a(Sirsi) i9786124118593
035 _a(Sirsi) 51136
035 _a(Sirsi) 51136
040 _aPE-LiUPU
_bspa
_cPE-LiUPU
_dPE-LiUPU
_erda
082 0 4 _a343.7
_bG98
100 1 _aGuzmán Napurí, Christian
245 _aManual del procedimiento administrativo general /
_cChristian Guzmán Napurí.
250 _aPrimera Edición.
264 1 _aLima, Perú :
_bInstituto Pacífico,
_c2013.
300 _a749 paginas ;
_c24 cm.
336 _atext
_btxt
_2rdacontent
337 _aunmediated
_bn
_2rdamedia
338 _avolume
_bnc
_2rdacarrier
490 0 _aActividad gubernamental.
504 _aBibliografía : páginas [705]-719 e índice.
505 0 _aLa función administrativa. Los principios que regulan la función administrativa. Sistema de fuentes del derecho administrativo. La estructura de la administración Pública. La organización de la Administración Pública. Organización naci
526 _aP202
526 _aP201
526 _aP163
526 _aP162
526 _aP161
526 _aP160
526 _aP148
526 _aP147
526 _aP146
526 _aP145
526 _aP144
526 _aP143
526 _aP142
526 _aP141
526 _aP140
526 _aP139
526 _aP138
526 _aP137
526 _aP136
526 _aP135
526 _aP134
526 _aP133
526 _aP129
526 _aP128
526 _aP127
526 _aP120
526 _aP119
526 _aP118
526 _aP116
526 _aP115
526 _aP114
526 _aP110
526 _aP109
526 _aP108
526 _aP104
526 _aP103
526 _aP102
526 _aP99
526 _aP98
526 _aP97
526 _aP96
526 _aP95
526 _aP93
526 _aP90
526 _aP89
526 _aP88
526 _aP83
526 _aP82
526 _aP62
526 _aP59
526 _aP58
526 _aP57
526 _aP51
526 _aP49
526 _aP48
526 _aP47
526 _aP29
526 _aP24
526 _aP20
526 _aP19
526 _aP17
526 _aP15
526 _aP14
526 _aP12
526 _aP10
526 _aP09
526 _aP08
526 _aP07
526 _aP06
526 _aP05
526 _aP04
526 _aP01
650 1 4 _aPorcedimientos administrativos
_zPerú
_vManuales
650 1 4 _aAdministración pública
_zPerú
_vManuales
650 1 4 _aDerecho procesal administrativo
_xLegislación
_zPerú
_vManuales
650 1 4 _aSimplificación administrativa
_zPerú
_vManuales
910 _agl
_b
_cng
_d20140609.
942 _2ddc
_cBOOK
949 _a343.7 G98
_i68023
_lCCODEBUL1
_mBUL
_tLIBRO
_o.STAFF. Colección General
949 _a343.7 G98
_i68024
_lCCODEBUL1
_mBUL
_tLIBRO
_o.STAFF. Colección General
949 _a343.7 G98
_i70008
_lCCODEBUL1
_mBUL
_tLIBRO
_o.STAFF. Colección General
596 _a1
999 _a343.7 G98
_wDEWEY
_c55488
_i68023
_d55488
_e2015-10-20
_f2021-11-5
_g6
_lCCODEBUL1
_mBUL
_n1
_p46.00
_r0
_sY
_tBOOK
_u2015-7-6
_xFCE
_PP04
_0COMPRA
_o.STAFF. Colección General
999 _a343.7 G98
_wDEWEY
_c2
_i68024
_f2021-11-5
_g6
_lCCODEBUL1
_mBUL
_p46.00
_r0
_sY
_tBOOK
_u2015-7-6
_xFCE
_PP04
_0COMPRA
_o.STAFF. Colección General
999 _a343.7 G98
_wDEWEY
_c3
_i70008
_f2021-11-5
_g6
_lCCODEBUL1
_mBUL
_p39.00
_r0
_sY
_tBOOK
_u2015-7-24
_xFCE
_PP04
_0COMPRA
_o.STAFF. Colección General
980 _81
_gALBERTO SANCHEZ Responsable de Automatización